Rajz II. osztály

Elmentve itt :
Bibliográfiai részletek
Dokumentumtípus: Cikk
Megjelent: 1937
Sorozat:Gyakorlati pedagógia 3 No. 10
Kulcsszavak:Rajz tanítása - általános iskola, Pedagógia - gyakorlati, Óravázlat
Tárgyszavak:
Online Access:http://acta.bibl.u-szeged.hu/51461
LEADER 00640nab a2200181 i 4500
001 acta51461
005 20250411082947.0
008 180425s1937 hu o 000 hun d
040 |a SZTE Egyetemi Kiadványok Repozitórium  |b hun 
041 |a hun 
245 0 0 |a Rajz   |h [elektronikus dokumentum] :  |b II. osztály 
260 |c 1937 
300 |a 602-603 
490 0 |a Gyakorlati pedagógia  |v 3 No. 10 
650 4 |a Társadalomtudományok 
650 4 |a Oktatástudomány 
695 |a Rajz tanítása - általános iskola, Pedagógia - gyakorlati, Óravázlat 
856 4 0 |u http://acta.bibl.u-szeged.hu/51461/1/gyakorlati_1937_010_601-602.pdf  |z Dokumentum-elérés